AGRICULTURE and trade in the Pacific : Toward the twenty-first century

Bibliographic Details
Other Authors: Coyle, Hayes, Yamauchi 1932-
Format: Book
Published: Boulder, Colo., USA : Westview Press , 1992
Subjects:

MARC

LEADER 00000cam a2200000 7i4500
001 0000000409
005 20000810.0
020 0 0 |a 1852932546 
090 0 0 |a 338.1099   |b AGR 1992 
245 0 0 |a AGRICULTURE and trade in the Pacific :   |b Toward the twenty-first century   |c edited by William T. Coyle, Dermot Hayes and Hiroshi Yamauchi 
260 0 0 |a Boulder, Colo., USA :   |b Westview Press ,   |c 1992 
300 |a xi, 344 p. :   |b ill. ;   |c 24 cm. 
500 0 0 |a Includes bibliographical references and index 
650 0 0 |a Agriculture   |x Economic aspects   |z Pacific area 
650 0 0 |a Produce trade   |z Pacific area 
700 0 1 |a Coyle   |h William T. 
700 0 1 |a Hayes   |h Dermot James 
700 0 1 |a Yamauchi   |h Hiroshi ,   |c 1932- 
999 |a 0000000352   |b Monograph   |c Open Shelf   |e Default branch